|
|
|
|
| LEADER |
01266nta a2200241 i 4500 |
| 001 |
dokt12154 |
| 005 |
20250109130530.0 |
| 008 |
240419s2024 hu om 000 hun d |
| 024 |
7 |
|
|a 10.14232/phd.12154
|2 doi
|
| 024 |
7 |
|
|a 35136609
|2 mtmt
|
| 040 |
|
|
|a SZTE Doktori Repozitórium
|b hun
|
| 041 |
|
|
|a hun
|
| 100 |
1 |
|
|a Hussein Jasmine
|
| 245 |
1 |
3 |
|a Az elektronikus felügyelet büntető anyagi jogi és büntetés-végrehajtási szabályozási lehetőségei Magyarországon a jelenlegi európai tendenciák tükrében
|h [elektronikus dokumentum] /
|c Hussein Jasmine
|
| 246 |
1 |
0 |
|a The Potential Regulatory Aspects of Electronic Monitoring in the Substantive Criminal Law and Prison Law in Hungary in light of the Current European Trends
|h [elektronikus dokumentum]
|
| 260 |
|
|
|c 2024-05-15
|
| 300 |
|
|
|a 171
|
| 502 |
|
|
|a Disszertacio
|
| 650 |
|
4 |
|a állam- és jogtudományok
|
| 650 |
|
4 |
|a Jog, kriminológia, büntetéstudomány
|
| 700 |
0 |
1 |
|a Juhász Zsuzsanna
|e ths
|
| 856 |
4 |
0 |
|u https://doktori.bibl.u-szeged.hu/id/eprint/12154/1/1.3.2%20Hussein%20Jasmine%20disszert%C3%A1ci%C3%B3%20nyilv%C3%A1nos%20v%C3%A9d%C3%A9sre.pdf
|z Dokumentum-elérés
|
| 856 |
4 |
0 |
|u https://doktori.bibl.u-szeged.hu/id/eprint/12154/2/1.3.3%20Hussein_Jasmine_T%C3%A9zis_f%C3%BCzet.pdf
|z Dokumentum-elérés
|